[Event "VIE-ch U11"]
[Site "Ho Chi Minh City"]
[Date "2014.07.16"]
[Round "6"]
[White "Doan, Nguyen Thanh Dat"]
[Black "Truong, Nguyen Gia Phuc"]
[Result "0-1"]
[WhiteElo "1988"]
[BlackElo "1934"]
[PlyCount "164"]
[EventDate "2014.07.13"]
[EventType "swiss"]
[EventRounds "9"]
[EventCountry "VIE"]
[SourceTitle "EXT 2016"]
[Source "ChessBase"]
[SourceDate "2015.10.08"]
[SourceVersion "1"]
[SourceVersionDate "2015.10.08"]
[SourceQuality "1"]

1. e4 d5 2. e5 e6 3. d4 c5 4. c3 Bd7 5. Nf3 Qb6 6. g3 Bb5 7. Bg2 Ne7 8. Na3 Ng6 9. Nxb5 Qxb5 10. Kd2 Nc6 11. Qe2 Qxe2+ 12. Kxe2 Be7 13. Re1 Rc8 14. Kf1 0-0 15. b3 cxd4 16. cxd4 Rc7 17. Bd2 Rfc8 18. Rec1 Nb4 19. Rxc7 Rxc7 20. Ne1 Rc6 21. Kg1 Nc2 22. Nxc2 Rxc2 23. Be3 Ba3 24. Bf1 Ne7 25. Bd3 Rc6 26. Kf1 Rb6 27. Ke2 h6 28. Bd2 Bb4 29. Bxb4 Rxb4 30. Ke3 Nc6 31. Rc1 g6 32. f4 Nxd4 33. Rc8+ Kg7 34. h4 Nf5+ 35. Bxf5 gxf5 36. h5 Re4+ 37. Kd3 Re1 38. Rc7 Ra1 39. a4 Rg1 40. Rxb7 Rxg3+ 41. Ke2 a5 42. Rb5 Rh3 43. Rxa5 Rxb3 44. Rb5 Rh3 45. Rb8 Rxh5 46. a5 Rh1 47. Rb5 Ra1 48. Kd2 h5 49. Kc3 Rf1 50. Rb4 h4 51. Ra4 h3 52. a6 h2 53. a7 h1Q 54. a8Q d4+ 55. Kxd4 Qxa8 56. Rxa8 Rxf4+ 57. Kd3 Re4 58. Ra5 f6 59. exf6+ Kxf6 60. Ra2 e5 61. Ra6+ Kg5 62. Ra1 Rd4+ 63. Kc3 f4 64. Rg1+ Kf5 65. Rh1 f3 66. Rh5+ Ke4 67. Rh4+ Ke3 68. Rh1 f2 69. Rh3+ Ke2 70. Rh2 Ke1 71. Rh1+ f1Q 72. Rxf1+ Kxf1 73. Kc2 e4 74. Kc3 Rd8 75. Kc2 e3 76. Kc3 e2 77. Kc4 e1Q 78. Kc5 Qe5+ 79. Kc4 Rd4+ 80. Kc3 Qe3+ 81. Kb2 Rd2+ 82. Ka1 Qe1# 0-1